Summaries DDC ( Dewey decimal classification )

محفوظ في:
التفاصيل البيبلوغرافية
التنسيق: كتاب
اللغة:Undetermined
منشور في: Dublin, Ohio Forest Press 2001
الموضوعات:
الوسوم: إضافة وسم
لا توجد وسوم, كن أول من يضع وسما على هذه التسجيلة!
Thư viện lưu trữ: Trung tâm Học liệu Trường Đại học Cần Thơ
LEADER 00417nam a2200145Ia 4500
001 CTU_52742
008 210402s9999 xx 000 0 und d
082 |a 025.431 
082 |b S955 
245 0 |a Summaries DDC ( Dewey decimal classification ) 
260 |a Dublin, Ohio 
260 |b Forest Press 
260 |c 2001 
650 |a Classification, Dewey Decimal 
980 |a Trung tâm Học liệu Trường Đại học Cần Thơ